Estatísticas para Francês

Clique aqui para jogar o quiz

Estatísticas Gerais

  • Esse quiz foi jogado 53 vezes
  • A pontuação média é 6 de 15

Estatísticas das Respostas

Resposta% Correto
Pizza
90%
Orange
88%
Pomme
71%
L'eau
60%
du fromage
55%
Riz
48%
Beurre
36%
poisson
33%
Carotte
29%
fraises
21%
du bœuf
19%
yaourt
7%
Attendre
2%
Champions
2%
Glace froide
0%

Distribuição das Pontuações

Percentil de Números Respondidos

Porcentagem de Pessoas com Cada Pontuação

Sua Pontuação Histórica

Você não jogou esse quiz